[Event "Oberliga Nord W 1718"]
[Site "Germany"]
[Date "2017.11.12"]
[Round "3.2"]
[White "Niendieker, Stephan"]
[Black "Belov, Igor1111"]
[Result "1/2-1/2"]
[WhiteElo "2105"]
[BlackElo "2055"]
[PlyCount "94"]
[EventDate "2017.10.08"]
[EventType "team-tourn"]
[EventRounds "9"]
[EventCountry "GER"]
[SourceTitle "EXT 2019"]
[Source "ChessBase"]
[SourceDate "2018.10.10"]
[SourceVersion "1"]
[SourceVersionDate "2018.10.10"]
[SourceQuality "1"]
[WhiteTeam "Hellern"]
[BlackTeam "Hameln"]
[WhiteTeamCountry "GER"]
[BlackTeamCountry "GER"]

1. g3 c5 2. c4 Nc6 3. Bg2 g6 4. Nc3 Bg7 5. Nf3 e5 6. d3 Nge7 7. 0-0 0-0 8. Ne1 d6 9. Nc2 Be6 10. Ne3 Qd7 11. Re1 Bh3 12. Bh1 f5 13. Ned5 f4 14. e3 fxg3 15. hxg3 Rf7 16. Nxe7+ Nxe7 17. Qa4 Qg4 18. Qd1 Qf5 19. Qc2 Raf8 20. Ne4 Qd7 21. Bd2 h6 22. Rec1 g5 23. Bg2 Ng6 24. Be1 Bxg2 25. Kxg2 b6 26. Qe2 d5 27. cxd5 Qxd5 28. Rc3 Ne7 29. Qc2 Qa8 30. Qb3 Nd5 31. Rc2 Nf6 32. Qc4 Kh8 33. Kf1 b5 34. Qxc5 Nxe4 35. dxe4 Qxe4 36. Kg1 a6 37. Qc6 Qf5 38. Bb4 Rg8 39. Rac1 Rf6 40. Qd5 h5 41. Bc3 Re6 42. f3 Qg6 43. Rh2 Rge8 44. Rd1 Kh7 45. Rdd2 Qb1+ 46. Kg2 Qg6 47. Kg1 Qb1+ 1/2-1/2

[Event "Oberliga Nord W 1516"]
[Site "Germany"]
[Date "2015.12.13"]
[Round "4.6"]
[White "Thimm, Torsten"]
[Black "Niendieker, Stephan"]
[Result "1-0"]
[WhiteElo "2105"]
[BlackElo "2126"]
[PlyCount "93"]
[EventDate "2015.09.20"]
[EventType "team-tourn"]
[EventRounds "9"]
[EventCountry "GER"]
[SourceTitle "CBM 170 Extra"]
[Source "ChessBase"]
[SourceDate "2016.02.25"]
[SourceVersion "1"]
[SourceVersionDate "2016.02.25"]
[SourceQuality "1"]
[WhiteTeam "Delmenhorst"]
[BlackTeam "Hellern"]
[WhiteTeamCountry "GER"]
[BlackTeamCountry "GER"]

1. e4 c5 2. c3 Nf6 3. e5 Nd5 4. d4 cxd4 5. Nf3 Nc6 6. Bc4 Nb6 7. Bb3 d5 8. exd6 Qxd6 9. cxd4 Be6 10. 0-0 Bxb3 11. Qxb3 Qd5 12. Qd1 e6 13. Nc3 Qd6 14. a3 Be7 15. Be3 0-0 16. Qe2 Rfd8 17. Rfe1 Nd5 18. Ne4 Qb8 19. Rac1 Rd7 20. b4 Nf6 21. Nc5 Rd5 22. Qc2 Ng4 23. Qc4 Nf6 24. Qc2 Ng4 25. Qc3 Bf6 26. h3 Nxe3 27. fxe3 e5 28. Ne4 exd4 29. Nxf6+ gxf6 30. exd4 Qd6 31. Re4 Rd8 32. Rd1 Kh8 33. Qe3 Rg8 34. Re8 Qg3 35. Rxg8+ Kxg8 36. Qe8+ Kg7 37. Qe4 Rh5 38. Kf1 Qg6 39. Qf4 Rf5 40. Qc7 Qh5 41. Rd3 Qh6 42. Kg1 Qc1+ 43. Kh2 Qc2 44. Re3 Qc1 45. Re4 Rxf3 46. Rg4+ Kf8 47. Qd6+ 1-0

[Event "Oberliga Nord W 1415"]
[Site "Germany"]
[Date "2014.10.19"]
[Round "2.5"]
[White "Juhnke, Juergen"]
[Black "Niendieker, Stephan"]
[Result "1-0"]
[WhiteElo "2219"]
[BlackElo "2167"]
[PlyCount "109"]
[EventDate "2014.09.22"]
[EventType "team-tourn"]
[EventRounds "9"]
[EventCountry "GER"]
[SourceTitle "EXT 2016"]
[Source "ChessBase"]
[SourceDate "2015.10.08"]
[SourceVersion "1"]
[SourceVersionDate "2015.10.08"]
[SourceQuality "1"]
[WhiteTeam "Lister Turm"]
[BlackTeam "Hellern"]
[WhiteTeamCountry "GER"]
[BlackTeamCountry "GER"]

1. e4 c5 2. Nf3 d6 3. d4 cxd4 4. Nxd4 Nf6 5. Nc3 g6 6. Be3 Bg7 7. f3 Nc6 8. Qd2 0-0 9. 0-0-0 d5 10. exd5 Nxd5 11. Nxc6 bxc6 12. Bd4 Bxd4 13. Qxd4 Qb6 14. Na4 Qa5 15. b3 Qc7 16. h4 Qf4+ 17. Qxf4 Nxf4 18. Rd4 Nd5 19. Bc4 Nb6 20. Bd3 e5 21. Nxb6 axb6 22. Rd6 Bb7 23. Re1 Rae8 24. Rd7 Ba8 25. a4 Kg7 26. Bc4 c5 27. Rd6 h5 28. Rxb6 Re7 29. Rd6 Rc8 30. Bd5 Bxd5 31. Rxd5 f6 32. Kb2 Rb7 33. Red1 Rcc7 34. Kc3 Kf7 35. Rd6 Ke7 36. a5 Rb4 37. g3 Rd4 38. R6xd4 cxd4+ 39. Kb2 Kd6 40. Rd3 Ra7 41. b4 Kd5 42. Kb3 g5 43. c4+ Kc6 44. hxg5 fxg5 45. f4 gxf4 46. gxf4 exf4 47. Rxd4 Rf7 48. b5+ Kb7 49. a6+ Ka7 50. Kb4 f3 51. Ka5 Rf5 52. c5 Rf8 53. b6+ Ka8 54. c6 f2 55. c7 1-0